[Event "Portugal ch 2011"]
[Site "Amadora POR"]
[Date "2011.09.03"]
[Round "1.1"]
[White "Cordovil, Joao Maria Da Camar"]
[Black "Guerra, Vitor Manuel Vestia"]
[Result "1/2-1/2"]
[PlyCount "82"]
[EventDate "2011.09.03"]
[EventType "tourn"]
[EventRounds "9"]
[EventCountry "POR"]
[EventCategory "1"]
[Source "lmi"]
[SourceDate "2011.09.03"]
[WhiteElo "2184"]
[BlackElo "2202"]

1. e4 c5 2. Ne2 e6 3. d3 d5 4. e5 Nc6 5. f4 Nge7 6. Nd2 Nf5 7. Nf3 h5 8. g3 Be7
9. Bh3 g6 10. O-O b5 11. c3 a5 12. b3 Ba6 13. a3 Qb6 14. Kh1 Rd8 15. Qc2 Kf8
16. Bd2 Kg7 17. Rfb1 Rd7 18. Rb2 Rhd8 19. Bxf5 exf5 20. b4 axb4 21. axb4 cxb4
22. Ned4 Nxd4 23. cxd4 Rc7 24. Qb3 Rdc8 25. Bxb4 Rc1+ 26. Rxc1 Rxc1+ 27. Kg2
Bxb4 28. Qxb4 Bc8 29. Kh3 Bd7 30. Ng5 Rc8 31. Qe7 Be6 32. Rxb5 Qxb5 33. Nxe6+
Kg8 34. Qf6 fxe6 35. Qxe6+ Kg7 36. Qxc8 Qxd3 37. Qd7+ Kh6 38. Qxd5 Qe2 39. Qa8
Qg4+ 40. Kg2 Qe2+ 41. Kg1 Qe1+ 1/2-1/2

[Event "Portugal ch 2011"]
[Site "Amadora POR"]
[Date "2011.09.03"]
[Round "1.2"]
[White "Dias, Paulo Jorge Guimara"]
[Black "Fernandes, Antonio Manuel De A"]
[Result "1/2-1/2"]
[PlyCount "32"]
[EventDate "2011.09.03"]
[EventType "tourn"]
[EventRounds "9"]
[EventCountry "POR"]
[EventCategory "1"]
[Source "lmi"]
[SourceDate "2011.09.03"]
[WhiteElo "2443"]
[BlackElo "2409"]

1. d4 Nf6 2. c4 e6 3. Nf3 Bb4+ 4. Bd2 Be7 5. Nc3 d5 6. Qc2 Nbd7 7. cxd5 exd5 8.
Bg5 c6 9. e3 Nf8 10. Bd3 Ne6 11. Bh4 g6 12. O-O Ng7 13. b4 a6 14. Rab1 Bf5 15.
a4 O-O 16. b5 axb5 1/2-1/2

[Event "Portugal ch 2011"]
[Site "Amadora POR"]
[Date "2011.09.03"]
[Round "1.3"]
[White "Vasques, Antonio Pedro Freix"]
[Black "Padeiro, Jose Joao Tato"]
[Result "0-1"]
[PlyCount "56"]
[EventDate "2011.09.03"]
[EventType "tourn"]
[EventRounds "9"]
[EventCountry "POR"]
[EventCategory "1"]
[Source "lmi"]
[SourceDate "2011.09.03"]
[WhiteElo "2200"]
[BlackElo "2301"]

1. e4 c5 2. Nc3 d6 3. Nf3 Nf6 4. d4 cxd4 5. Nxd4 g6 6. Be2 Bg7 7. O-O O-O 8.
Nb3 Nc6 9. Bg5 b6 10. f4 Bb7 11. Bf3 b5 12. Kh1 b4 13. Nd5 Rb8 14. Re1 e6 15.
Ne3 Qc7 16. a3 a5 17. axb4 axb4 18. Nc4 d5 19. e5 dxc4 20. exf6 Rfd8 21. Qe2
cxb3 22. fxg7 Nd4 23. Bxd8 Rxd8 24. Qe3 Bxf3 25. gxf3 Nxc2 26. Rac1 Qb8 27. Qc5
Nxe1 28. Qe7 Nc2 0-1

[Event "Portugal ch 2011"]
[Site "Amadora POR"]
[Date "2011.09.03"]
[Round "1.4"]
[White "Santos, Antonio MLF Pereira"]
[Black "Pinho, Paulo Miguel L Gome"]
[Result "1-0"]
[PlyCount "89"]
[EventDate "2011.09.03"]
[EventType "tourn"]
[EventRounds "9"]
[EventCountry "POR"]
[EventCategory "1"]
[Source "lmi"]
[SourceDate "2011.09.03"]
[WhiteElo "2336"]
[BlackElo "2168"]

1. d4 f5 2. g3 Nf6 3. Bg2 g6 4. b3 Bg7 5. Bb2 O-O 6. c4 d6 7. Nf3 Ne4 8. O-O
Nc6 9. Nbd2 Nxd2 10. Qxd2 e5 11. d5 Nb8 12. Rfd1 h6 13. Rac1 Nd7 14. b4 a5 15.
a3 axb4 16. axb4 Qe7 17. c5 Ra2 18. Ra1 Rxa1 19. Bxa1 dxc5 20. bxc5 Nxc5 21. d6
cxd6 22. Qxd6 Qxd6 23. Rxd6 Nd7 24. Rxg6 Rf6 25. Nxe5 Rxg6 26. Nxg6 Bxa1 27.
Ne7+ Kf7 28. Nxc8 Be5 29. Bxb7 Ke6 30. e3 Bc3 31. Na7 Ne5 32. Nb5 Bb2 33. Bc8+
Kd5 34. Bxf5 Kc6 35. Na7+ Kb7 36. Nc8 Ba3 37. Kg2 Bc5 38. g4 Kc7 39. Kg3 Nd7
40. Kh4 Kxc8 41. Kh5 Bf8 42. Kg6 Kd8 43. Bxd7 Kxd7 44. Kf7 Be7 45. f4 1-0

[Event "Portugal ch 2011"]
[Site "Amadora POR"]
[Date "2011.09.03"]
[Round "1.5"]
[White "Neves, Pedro Alexandre Mai"]
[Black "Ulyanovskyy, Volodimir V"]
[Result "1/2-1/2"]
[PlyCount "51"]
[EventDate "2011.09.03"]
[EventType "tourn"]
[EventRounds "9"]
[EventCountry "POR"]
[EventCategory "1"]
[Source "lmi"]
[SourceDate "2011.09.03"]
[WhiteElo "2218"]
[BlackElo "2085"]

1. Nf3 c5 2. g3 g6 3. Bg2 Bg7 4. d4 cxd4 5. Nxd4 d5 6. O-O Nf6 7. a4 O-O 8. a5
Nc6 9. Nb3 Bf5 10. Nc3 Rc8 11. Ra4 e6 12. Bg5 Qe8 13. Bxf6 Bxf6 14. e4 Bxc3 15.
bxc3 dxe4 16. Bxe4 Nxa5 17. Rxa5 Bxe4 18. Re1 Bc6 19. Rxa7 Qd8 20. Nd4 Qd5 21.
Nxc6 Qxc6 22. Re3 Rfd8 23. Rd3 Rxd3 24. cxd3 Qxc3 25. Rxb7 Qc1 26. Qxc1 1/2-1/2

[Event "Portugal ch 2011"]
[Site "Amadora POR"]
[Date "2011.09.04"]
[Round "2.1"]
[White "Guerra, Vitor Manuel Vestia"]
[Black "Ulyanovskyy, Volodimir V"]
[Result "1-0"]
[PlyCount "151"]
[EventDate "2011.09.03"]
[EventType "tourn"]
[EventRounds "9"]
[EventCountry "POR"]
[EventCategory "1"]
[Source "lmi"]
[SourceDate "2011.09.03"]
[WhiteElo "2202"]
[BlackElo "2085"]

1. d4 Nf6 2. c4 e6 3. Nf3 b6 4. g3 Bb7 5. Bg2 Be7 6. O-O O-O 7. Nc3 d6 8. Qc2
c5 9. e4 cxd4 10. Nxd4 Qc7 11. Qe2 a6 12. Be3 Nbd7 13. Rac1 Rac8 14. b3 Qb8 15.
f4 Qa8 16. Bf2 Nc5 17. Rfe1 g6 18. Bf3 Rfd8 19. b4 Ncd7 20. a3 Qb8 21. Qd3 Ne5
22. fxe5 dxe5 23. Na4 exd4 24. Nxb6 Bxe4 25. Nxc8 Bxd3 26. Nxe7+ Kg7 27. Nc6
Qc7 28. Nxd8 e5 29. Nc6 e4 30. Bxd4 exf3 31. Ne5 f2+ 32. Kxf2 Bf5 33. g4 Bxg4
34. Nxg4 Qf4+ 35. Ke2 Qxd4 36. Nxf6 Kxf6 37. c5 Qe4+ 38. Kd2 Qd4+ 39. Kc2 Qc4+
40. Kb2 Qd4+ 41. Kb3 Qd3+ 42. Rc3 Qd5+ 43. Kc2 Qg2+ 44. Kc1 Qg5+ 45. Rce3 Qd5
46. R1e2 Qc4+ 47. Kb2 a5 48. Re4 Qd5 49. Kc3 Qd1 50. R4e3 Qc1+ 51. Kb3 Qd1+ 52.
Kc4 h5 53. Kb5 axb4 54. axb4 Qd7+ 55. Kc4 Qa4 56. Rd2 Qa6+ 57. Kb3 Kg7 58. Rd7
Qf1 59. Ree7 Qb1+ 60. Ka4 Qa2+ 61. Kb5 Qxh2 62. Rxf7+ Kh6 63. c6 Qb8+ 64. Kc4
Qb6 65. b5 h4 66. Rh7+ Kg5 67. c7 Qb7 68. Rd8 Qe4+ 69. Kc5 Qe3+ 70. Kc6 Qc3+
71. Kb7 Qf3+ 72. Kb8 Qg3 73. Rd5+ Kf6 74. Kb7 Ke6 75. Rhd7 Qxc7+ 76. Kxc7 1-0

[Event "Portugal ch 2011"]
[Site "Amadora POR"]
[Date "2011.09.04"]
[Round "2.3"]
[White "Padeiro, Jose Joao Tato"]
[Black "Santos, Antonio MLF Pereira"]
[Result "1-0"]
[PlyCount "57"]
[EventDate "2011.09.03"]
[EventType "tourn"]
[EventRounds "9"]
[EventCountry "POR"]
[EventCategory "1"]
[Source "lmi"]
[SourceDate "2011.09.03"]
[WhiteElo "2301"]
[BlackElo "2336"]

1. e4 c5 2. c3 d5 3. exd5 Qxd5 4. d4 Nc6 5. Nf3 cxd4 6. cxd4 e5 7. Nc3 Bb4 8.
Bd2 Bxc3 9. Bxc3 e4 10. Ne5 Nxe5 11. dxe5 Ne7 12. Qa4+ Bd7 13. Qb4 Qc6 14. Rc1
Nd5 15. Qxe4 Nxc3 16. Qxc6 Bxc6 17. Rxc3 O-O 18. f3 Rfe8 19. Re3 Bd5 20. Bb5
Rec8 21. O-O a6 22. Bd3 Bxa2 23. Be4 Rc7 24. b3 Rd8 25. f4 g6 26. f5 gxf5 27.
Bxf5 Rd2 28. e6 Kg7 29. e7 1-0

[Event "Portugal ch 2011"]
[Site "Amadora POR"]
[Date "2011.09.04"]
[Round "2.4"]
[White "Fernandes, Antonio Manuel De A"]
[Black "Vasques, Antonio Pedro Freix"]
[Result "0-1"]
[PlyCount "124"]
[EventDate "2011.09.03"]
[EventType "tourn"]
[EventRounds "9"]
[EventCountry "POR"]
[EventCategory "1"]
[Source "lmi"]
[SourceDate "2011.09.03"]
[WhiteElo "2409"]
[BlackElo "2200"]

1. e4 c5 2. Nf3 e6 3. d4 cxd4 4. Nxd4 Nc6 5. c4 Qc7 6. Nc3 Nf6 7. Nc2 Be7 8.
Be2 O-O 9. O-O b6 10. Be3 Bb7 11. f4 d6 12. b3 a6 13. Rc1 Nb8 14. Qd3 Nbd7 15.
b4 Rac8 16. Nd4 Rfd8 17. a3 Qb8 18. Nb3 Bf8 19. Rfd1 h6 20. h3 Re8 21. Bf3 Ba8
22. Nd2 Rcd8 23. Qe2 Rc8 24. Bf2 Bc6 25. Nb3 Qa8 26. Re1 Qb8 27. Rcd1 Ba8 28.
Rc1 Qc7 29. Nd2 Qb8 30. Qd3 Bc6 31. Nb3 Red8 32. Bd1 Qa8 33. Nd2 d5 34. cxd5
exd5 35. e5 Ne4 36. Bd4 a5 37. Bg4 axb4 38. axb4 Bxb4 39. e6 Ndc5 40. exf7+
Kxf7 41. Bxc5 Bxc5+ 42. Kh2 Rc7 43. Nf3 Kg8 44. Be6+ Kh8 45. Ne5 Be8 46. Nxd5
Re7 47. Ra1 Qb7 48. f5 Nf6 49. Rad1 Rxe6 50. fxe6 Rxd5 51. Qf3 Bd6 52. Kh1 Bh5
53. Nf7+ Kh7 54. g4 Bg6 55. Nxd6 Qc6 56. Rxd5 Nxd5 57. Nf5 Qc5 58. e7 Nf6 59.
Kh2 Be8 60. Qd3 Qf2+ 61. Kh1 Qxe1+ 62. Kg2 Bc6+ 0-1

[Event "Portugal ch 2011"]
[Site "Amadora POR"]
[Date "2011.09.04"]
[Round "2.5"]
[White "Cordovil, Joao Maria Da Camar"]
[Black "Dias, Paulo Jorge Guimara"]
[Result "0-1"]
[PlyCount "100"]
[EventDate "2011.09.03"]
[EventType "tourn"]
[EventRounds "9"]
[EventCountry "POR"]
[EventCategory "1"]
[Source "lmi"]
[SourceDate "2011.09.03"]
[WhiteElo "2184"]
[BlackElo "2443"]

1. e4 c5 2. Nf3 Nc6 3. Bb5 g6 4. O-O Bg7 5. c3 e5 6. d3 d6 7. Nbd2 Nge7 8. Re1
O-O 9. Nf1 a6 10. Ba4 b5 11. Bb3 h6 12. Ne3 Kh8 13. Nd5 Be6 14. Nxe7 Qxe7 15.
Bxe6 Qxe6 16. Be3 f5 17. exf5 Qxf5 18. Nh4 Qf6 19. Qg4 Kh7 20. Nf3 Qf5 21. Qe4
Rac8 22. Rad1 b4 23. Qh4 Qh5 24. Qxh5 gxh5 25. Nd2 Rf7 26. Ne4 Bf8 27. Rf1 d5
28. Ng3 h4 29. Ne2 bxc3 30. bxc3 Rb8 31. f4 Rb2 32. Rd2 Rxd2 33. Bxd2 e4 34.
dxe4 dxe4 35. Rb1 Na5 36. Be1 Rd7 37. Bxh4 Rd2 38. Ng3 e3 39. Ne4 Rxa2 40. g4
Bg7 41. Nxc5 Bxc3 42. Ne6 e2 43. Be1 Bxe1 44. Rxe1 Nb3 45. Kf2 a5 46. Rxe2
Rxe2+ 47. Kxe2 a4 48. Kd3 a3 49. Nc5 Nxc5+ 50. Kc2 Nd3 0-1

[Event "Portugal ch 2011"]
[Site "Amadora POR"]
[Date "2011.09.05"]
[Round "3.2"]
[White "Vasques, Antonio Pedro Freix"]
[Black "Cordovil, Joao Maria Da Camar"]
[Result "1-0"]
[PlyCount "113"]
[EventDate "2011.09.03"]
[EventType "tourn"]
[EventRounds "9"]
[EventCountry "POR"]
[EventCategory "1"]
[Source "lmi"]
[SourceDate "2011.09.03"]
[WhiteElo "2200"]
[BlackElo "2184"]

1. e4 e5 2. Nf3 Nc6 3. Bb5 a6 4. Ba4 d6 5. O-O Bg4 6. c3 b5 7. Bb3 Qf6 8. d3
Bxf3 9. Qxf3 Qxf3 10. gxf3 Nge7 11. a4 Rb8 12. axb5 axb5 13. f4 g6 14. Be3 Bg7
15. Nd2 O-O 16. fxe5 dxe5 17. f4 Bh6 18. d4 exf4 19. Bxf4 Bxf4 20. Rxf4 Kg7 21.
Nf3 f6 22. d5 g5 23. Rg4 h5 24. Rg2 Nd8 25. Nd4 Kh8 26. Ra7 Nc8 27. Rxc7 Nd6
28. Bc2 N8f7 29. Rf2 Ne5 30. Ne6 Ne8 31. Ra7 Rf7 32. Ra6 Rd7 33. Bd1 g4 34. Rf5
h4 35. Rh5+ Rh7 36. Rxh7+ Kxh7 37. d6 Kh6 38. Nc5 Rd8 39. d7 Nxd7 40. Ne6 Nc5
41. Nxd8 Nxa6 42. Bxg4 Nc5 43. e5 fxe5 44. Nf7+ Kg7 45. Nxe5 Nd6 46. Kf2 Na4
47. Nd3 Ne4+ 48. Ke3 Nexc3 49. bxc3 Nxc3 50. Kd4 Nb1 51. Kc5 Nd2 52. Kxb5 Nf1
53. h3 Ne3 54. Ne5 Kf6 55. Nf3 Nxg4 56. hxg4 h3 57. Kc5 1-0

[Event "Portugal ch 2011"]
[Site "Amadora POR"]
[Date "2011.09.05"]
[Round "3.3"]
[White "Santos, Antonio MLF Pereira"]
[Black "Fernandes, Antonio Manuel De A"]
[Result "1-0"]
[PlyCount "266"]
[EventDate "2011.09.03"]
[EventType "tourn"]
[EventRounds "9"]
[EventCountry "POR"]
[EventCategory "1"]
[Source "lmi"]
[SourceDate "2011.09.03"]
[WhiteElo "2336"]
[BlackElo "2409"]

1. d4 Nf6 2. c4 g6 3. Nc3 Bg7 4. e4 d6 5. Be2 O-O 6. Nf3 e5 7. d5 a5 8. Bg5 h6
9. Bh4 Na6 10. Nd2 Bd7 11. Nf1 Qe7 12. Ne3 Rfb8 13. g4 Qf8 14. Qd2 Nc5 15. f3
a4 16. Kf1 Nh7 17. Qc2 Kh8 18. Kg2 Bf6 19. Bxf6+ Nxf6 20. h3 h5 21. Qd2 Qh6 22.
Nf1 Qf4 23. Qxf4 exf4 24. Nd2 Ra7 25. Rhe1 h4 26. Bf1 Re8 27. e5 dxe5 28. Nde4
Nfxe4 29. Nxe4 Nxe4 30. fxe4 c5 31. Rac1 Ra6 32. Red1 Rd8 33. Bd3 Kg7 34. Kf3
Kf6 35. Rd2 g5 36. Rc3 Rb6 37. Be2 Ke7 38. Kf2 Kd6 39. Kf3 Ra8 40. Kf2 Raa6 41.
Ke1 Ra5 42. Kd1 Rba6 43. Kc1 b5 44. Ra3 Rb6 45. Rc3 bxc4 46. a3 Rb3 47. Rdc2
Ra7 48. Bf3 Rab7 49. Be2 Be8 50. Bf3 R7b6 51. Be2 Bb5 52. Bf3 Ba6 53. Bd1 R3b5
54. Bf3 Bc8 55. Rd2 Ke7 56. Rdc2 Bd7 57. Rd2 Ra5 58. Rdc2 Kd6 59. Kd1 Rb8 60.
Kc1 Re8 61. Re2 Rb5 62. Rec2 Rb3 63. Kd1 Bc8 64. Bg2 Bd7 65. Bf3 Rb6 66. Re2
Bc8 67. Rec2 Ba6 68. Kc1 Rb3 69. Kd1 Bb7 70. Kc1 Rb8 71. Bd1 Ba6 72. Bf3 R3b6
73. Rd2 Re8 74. Rdc2 Bb5 75. Rd2 Bd7 76. Kd1 Rb3 77. Rdc2 Bc8 78. Bg2 Bb7 79.
Bf3 Ba6 80. Kc1 Rh8 81. Kd1 Rhb8 82. Kc1 Bb5 83. Bd1 Bd7 84. Bf3 Ke7 85. Bg2
R8b6 86. Bf3 Be8 87. Bd1 Rb8 88. Be2 Kd6 89. Bd1 f6 90. Bf3 Bg6 91. Bg2 Re8 92.
Bh1 Bf7 93. Bg2 Rxc3 94. Rxc3 Rb8 95. Bf3 Be8 96. Bd1 Rb7 97. Be2 Rb6 98. Bf3
Rb3 99. Bd1 Bg6 100. Bf3 Bh7 101. Kc2 Bg8 102. Bg2 Bf7 103. Bf3 Be8 104. Kc1
Bb5 105. Kc2 Bd7 106. Kc1 Be8 107. Bd1 Bg6 108. Bf3 Rb7 109. Bg2 Rb3 110. Bf3
Rb6 111. Kc2 Rb8 112. Kc1 Rb7 113. Kc2 Rh7 114. Kd2 Rh8 115. Kd1 Bf7 116. Kd2
Re8 117. Kd1 Re7 118. Kd2 Rb7 119. Kc2 Rb6 120. Kc1 Rb8 121. Kc2 Ra8 122. Kc1
Rh8 123. Kd2 Bg6 124. Kd1 Be8 125. Kd2 Rh7 126. Kd1 Re7 127. Kd2 Bf7 128. Bh1
f5 129. gxf5 Bh5 130. Bf3 Bxf3 131. Rxf3 Rb7 132. Rc3 Rb3 133. Rxc4 g4 1-0

[Event "Portugal ch 2011"]
[Site "Amadora POR"]
[Date "2011.09.05"]
[Round "3.5"]
[White "Ulyanovskyy, Volodimir V"]
[Black "Pinho, Paulo Miguel L Gome"]
[Result "1-0"]
[PlyCount "81"]
[EventDate "2011.09.03"]
[EventType "tourn"]
[EventRounds "9"]
[EventCountry "POR"]
[EventCategory "1"]
[Source "lmi"]
[SourceDate "2011.09.03"]
[WhiteElo "2085"]
[BlackElo "2168"]

1. e4 c5 2. Nf3 e6 3. c4 Nc6 4. Nc3 Nf6 5. Be2 d5 6. cxd5 exd5 7. e5 Ng4 8. Bb5
d4 9. Ne4 Qd5 10. d3 Ngxe5 11. Nxe5 Qxe5 12. O-O Be7 13. f4 Qf5 14. Ng3 Qd7 15.
f5 a6 16. Ba4 b5 17. Bb3 Na5 18. Qg4 Rg8 19. Qh5 Nxb3 20. Qxh7 Rf8 21. axb3 Bb7
22. Qxg7 O-O-O 23. Bf4 Bd6 24. Qh6 f6 25. Rac1 Bd5 26. Bxd6 Qxd6 27. Qf4 Qc6
28. Rf2 Bxb3 29. Ne4 Rd5 30. Nd2 Ba4 31. b3 Bxb3 32. Nxb3 Qb6 33. Nxd4 Kb7 34.
Ne6 Rc8 35. Qf3 Qc6 36. Rxc5 Rxc5 37. Nxc5+ Kb6 38. Qxc6+ Rxc6 39. d4 a5 40. g4
Rd6 41. Ne6 1-0

[Event "Portugal ch 2011"]
[Site "Amadora POR"]
[Date "2011.09.06"]
[Round "4.1"]
[White "Guerra, Vitor Manuel Vestia"]
[Black "Pinho, Paulo Miguel L Gome"]
[Result "1-0"]
[PlyCount "53"]
[EventDate "2011.09.03"]
[EventType "tourn"]
[EventRounds "9"]
[EventCountry "POR"]
[EventCategory "1"]
[Source "lmi"]
[SourceDate "2011.09.03"]
[WhiteElo "2202"]
[BlackElo "2168"]

1. d4 f5 2. c4 Nf6 3. Nc3 d6 4. d5 g6 5. g3 Bg7 6. Bg2 Na6 7. Nf3 O-O 8. O-O
Nc5 9. Qc2 a5 10. Be3 Nfe4 11. Nxe4 Nxe4 12. Nd4 Nc5 13. Rad1 Bd7 14. b3 Qe8
15. Nf3 h6 16. Bxc5 dxc5 17. e4 e5 18. dxe6 Bxe6 19. Nh4 f4 20. e5 g5 21. Ng6
f3 22. Nxf8 fxg2 23. Qh7+ Kxf8 24. Kxg2 Qh5 25. f4 Bh3+ 26. Kg1 Bxf1 27. Rd7
1-0

[Event "Portugal ch 2011"]
[Site "Amadora POR"]
[Date "2011.09.06"]
[Round "4.2"]
[White "Padeiro, Jose Joao Tato"]
[Black "Ulyanovskyy, Volodimir V"]
[Result "1/2-1/2"]
[PlyCount "60"]
[EventDate "2011.09.03"]
[EventType "tourn"]
[EventRounds "9"]
[EventCountry "POR"]
[EventCategory "1"]
[Source "lmi"]
[SourceDate "2011.09.03"]
[WhiteElo "2301"]
[BlackElo "2085"]

1. d4 Nf6 2. c4 e6 3. Nc3 Bb4 4. e3 b6 5. Nf3 Bb7 6. Bd3 O-O 7. O-O c5 8. a3
Bxc3 9. bxc3 d5 10. cxd5 exd5 11. Bb2 cxd4 12. cxd4 Ne4 13. a4 Nc6 14. Nd2 f5
15. Nb3 Rf6 16. f3 Nd6 17. Qe2 Nb4 18. Nd2 Rg6 19. Ba3 Nxd3 20. Qxd3 Qg5 21.
Rf2 Re8 22. f4 Qe7 23. Nf3 Qe4 24. Qxe4 Nxe4 25. Rc2 Rc6 26. Rxc6 Bxc6 27. a5
bxa5 28. Ne5 Rc8 29. Bc5 Bb5 30. Rxa5 a6 1/2-1/2

[Event "Portugal ch 2011"]
[Site "Amadora POR"]
[Date "2011.09.06"]
[Round "4.3"]
[White "Fernandes, Antonio Manuel De A"]
[Black "Neves, Pedro Alexandre Mai"]
[Result "1/2-1/2"]
[PlyCount "138"]
[EventDate "2011.09.03"]
[EventType "tourn"]
[EventRounds "9"]
[EventCountry "POR"]
[EventCategory "1"]
[Source "lmi"]
[SourceDate "2011.09.03"]
[WhiteElo "2409"]
[BlackElo "2218"]

1. e4 c5 2. Nf3 Nc6 3. d4 cxd4 4. Nxd4 g6 5. Nc3 Nf6 6. Bc4 Bg7 7. Be3 O-O 8.
Bb3 a5 9. f3 d5 10. Bxd5 Nxd4 11. Bxd4 e6 12. Bc4 Nxe4 13. Bxg7 Qh4+ 14. g3
Nxg3 15. Bf6 Qxf6 16. hxg3 Qe5+ 17. Ne2 b5 18. Bd3 Bb7 19. O-O h5 20. Qd2 b4
21. Qf4 Qxb2 22. Qd4 Qxd4+ 23. Nxd4 Rfd8 24. Ne2 Rac8 25. Kf2 Bc6 26. Ke3 Ba4
27. Rfc1 Rc5 28. a3 Re5+ 29. Kd2 Bb5 30. axb4 axb4 31. Rcb1 Rf5 32. f4 Rfd5 33.
Ra5 Rf5 34. Rba1 Kg7 35. Nc1 h4 36. gxh4 Bxd3 37. Nxd3 Rxf4 38. Ra8 Rdd4 39.
Rb8 Rxh4 40. Rf1 f5 41. Re1 Kf6 42. Rb6 Rhe4 43. Rxe4 fxe4 44. Rxb4 e5 45. Rxd4
exd4 46. Nb4 Ke5 47. Nc6+ Kd5 48. Ne7+ Kc4 49. Nxg6 d3 50. Ne5+ Kd4 51. Nxd3
exd3 52. cxd3 Kd5 53. Kc3 Kc5 54. d4+ Kd5 55. Kd3 Kd6 56. Ke4 Ke6 57. d5+ Kd6
58. Kd4 Kd7 59. Kc5 Kc7 60. Kb5 Kd6 61. Kc4 Kd7 62. Kd4 Kd6 63. Ke4 Kd7 64. Ke5
Ke7 65. Kf5 Kd6 66. Ke4 Kd7 67. Ke5 Ke7 68. d6+ Kd7 69. Kd5 Kd8 1/2-1/2

[Event "Portugal ch 2011"]
[Site "Amadora POR"]
[Date "2011.09.06"]
[Round "4.4"]
[White "Cordovil, Joao Maria Da Camar"]
[Black "Santos, Antonio MLF Pereira"]
[Result "1/2-1/2"]
[PlyCount "170"]
[EventDate "2011.09.03"]
[EventType "tourn"]
[EventRounds "9"]
[EventCountry "POR"]
[EventCategory "1"]
[Source "lmi"]
[SourceDate "2011.09.03"]
[WhiteElo "2184"]
[BlackElo "2336"]

1. e4 c5 2. b3 Nc6 3. Bb2 d6 4. Bb5 Bd7 5. Nf3 e5 6. O-O Nf6 7. Re1 Be7 8. c3
O-O 9. d4 Nxd4 10. cxd4 Bxb5 11. Nc3 Bd7 12. dxe5 dxe5 13. Nxe5 Be6 14. Qe2 Qc7
15. Nb5 Qb6 16. Na3 Rad8 17. h3 a6 18. Ng4 Nxg4 19. hxg4 Qc7 20. Nc4 Qf4 21. f3
b5 22. Ne3 Bd6 23. Nf1 Be5 24. g3 Qf6 25. Bxe5 Qxe5 26. Rad1 c4 27. Qe3 cxb3
28. axb3 Qb2 29. Rb1 Qd4 30. b4 Qxe3+ 31. Nxe3 Rd3 32. Kf2 g6 33. Red1 Rfd8 34.
Nd5 Rxd1 35. Rxd1 Bxd5 36. Rxd5 Rc8 37. Ke3 Rc4 38. Rd4 Rc3+ 39. Rd3 Rc4 40.
Rb3 h6 41. Kf4 Kg7 42. Ke5 Rc2 43. Kd5 Ra2 44. Kc5 a5 45. bxa5 Rxa5 46. f4 Ra4
47. Kd5 Ra5 48. e5 b4+ 49. Kc4 Ra3 50. Kxb4 Ra2 51. Kc5 Rd2 52. Kc4 Kf8 53. Rd3
Rg2 54. Kd5 Rf2 55. Ke4 Re2+ 56. Re3 Ra2 57. Rc3 Re2+ 58. Kf3 Re1 59. Rc8+ Kg7
60. Rc7 Kf8 61. Rc2 Kg7 62. Re2 Ra1 63. f5 Rf1+ 64. Kg2 Ra1 65. f6+ Kh7 66. g5
hxg5 67. Kf3 Ra4 68. Rh2+ Kg8 69. Rd2 Ra3+ 70. Kg4 Re3 71. Rd8+ Kh7 72. Re8 Re1
73. Kxg5 Rf1 74. g4 Re1 75. Kf4 Rf1+ 76. Kg3 g5 77. Rf8 Kg6 78. Rg8+ Kh6 79.
Kg2 Rf4 80. Re8 Rxg4+ 81. Kf3 Rf4+ 82. Ke3 Kg6 83. Re7 Kf5 84. Rxf7 Kxe5 85.
Rf8 Rxf6 1/2-1/2

[Event "Portugal ch 2011"]
[Site "Amadora POR"]
[Date "2011.09.06"]
[Round "4.5"]
[White "Dias, Paulo Jorge Guimara"]
[Black "Vasques, Antonio Pedro Freix"]
[Result "1-0"]
[PlyCount "57"]
[EventDate "2011.09.03"]
[EventType "tourn"]
[EventRounds "9"]
[EventCountry "POR"]
[EventCategory "1"]
[Source "lmi"]
[SourceDate "2011.09.03"]
[WhiteElo "2443"]
[BlackElo "2200"]

1. c4 Nf6 2. Nf3 g6 3. g3 Bg7 4. Bg2 O-O 5. O-O d6 6. Nc3 Nc6 7. d4 a6 8. h3
Rb8 9. e4 Bd7 10. e5 Ne8 11. Re1 b5 12. cxb5 axb5 13. Bf4 Nb4 14. Qd2 dxe5 15.
dxe5 Be6 16. Qxd8 Rxd8 17. Nxb5 Nc2 18. Red1 Rb8 19. Rac1 Rxb5 20. Rxc2 Bxa2
21. Nd4 Rb6 22. b4 Be6 23. Nxe6 Rxe6 24. Rc6 Rxc6 25. Bxc6 f6 26. exf6 Bxf6 27.
Bxe8 Rxe8 28. Bxc7 Kf7 29. b5 1-0

[Event "Portugal ch 2011"]
[Site "Amadora POR"]
[Date "2011.09.07"]
[Round "5.1"]
[White "Vasques, Antonio Pedro Freix"]
[Black "Guerra, Vitor Manuel Vestia"]
[Result "1/2-1/2"]
[PlyCount "151"]
[EventDate "2011.09.03"]
[EventType "tourn"]
[EventRounds "9"]
[EventCountry "POR"]
[EventCategory "1"]
[Source "lmi"]
[SourceDate "2011.09.03"]
[WhiteElo "2200"]
[BlackElo "2202"]

1. e4 c5 2. Nf3 e6 3. d4 cxd4 4. Nxd4 a6 5. Nc3 Qc7 6. Bd3 Nf6 7. f4 d6 8. a4
Nc6 9. Nxc6 bxc6 10. O-O d5 11. e5 Nd7 12. Kh1 g6 13. Qg4 Bg7 14. Bd2 O-O 15.
Rae1 Nc5 16. b4 Nd7 17. Qg3 c5 18. bxc5 Bb7 19. Ne2 Nxc5 20. Nd4 Bc8 21. a5 Bd7
22. Rb1 Rfb8 23. Qe3 Bf8 24. Rfc1 Rxb1 25. Rxb1 Rb8 26. Qe1 Rb7 27. h3 Qb8 28.
Rxb7 Qxb7 29. Qa1 Nxd3 30. cxd3 Be7 31. Kh2 h5 32. Qc3 Ba4 33. Qa1 Bd7 34. Qc3
Bf8 35. Nb3 Qb5 36. Nd4 Qa4 37. Nf3 Bc6 38. Qd4 Qb3 39. Qc3 Qa4 40. Qd4 Qb5 41.
Qc3 Qb7 42. Nd4 Bd7 43. Nb3 Ba4 44. Nd4 Be7 45. Qa1 Be8 46. Qc3 Kh7 47. Qb3 Qc8
48. Qc3 Qd7 49. Nf3 Kg8 50. Nd4 Bh4 51. Be3 Qb7 52. Nf3 Bd8 53. Bd2 Bc6 54. Nd4
Bd7 55. Qb4 Qc7 56. Qc3 Qa7 57. Nc6 Bxc6 58. Qxc6 Be7 59. Qe8+ Kg7 60. Be1 Qc7
61. Bf2 Bf8 62. Bh4 Qc1 63. Bf6+ Kg8 64. Bg5 Kg7 65. Bh6+ Kxh6 66. Qxf8+ Kh7
67. Qxf7+ Kh6 68. Qf8+ Kh7 69. Qe7+ Kh6 70. Qf6 Kh7 71. Qe7+ Kh6 72. Qg5+ Kh7
73. h4 Qe3 74. Qe7+ Kh6 75. Qf6 Kh7 76. Qf7+ 1/2-1/2

[Event "Portugal ch 2011"]
[Site "Amadora POR"]
[Date "2011.09.07"]
[Round "5.2"]
[White "Santos, Antonio MLF Pereira"]
[Black "Dias, Paulo Jorge Guimara"]
[Result "0-1"]
[PlyCount "66"]
[EventDate "2011.09.03"]
[EventType "tourn"]
[EventRounds "9"]
[EventCountry "POR"]
[EventCategory "1"]
[Source "lmi"]
[SourceDate "2011.09.03"]
[WhiteElo "2336"]
[BlackElo "2443"]

1. d4 d5 2. c4 c6 3. Nf3 e6 4. cxd5 exd5 5. Nc3 Bd6 6. Qc2 Ne7 7. Bg5 f6 8. Bh4
Bf5 9. Qb3 Qb6 10. Bg3 Bxg3 11. hxg3 Na6 12. Qxb6 axb6 13. e3 Kf7 14. Kd2 Nc7
15. Nh4 h5 16. Nxf5 Nxf5 17. Bd3 Nd6 18. a4 f5 19. f3 g6 20. b3 Ne6 21. Ne2 c5
22. Nc3 cxd4 23. Nxd5 Rad8 24. exd4 b5 25. axb5 Nxd4 26. Kc3 N6xb5+ 27. Bxb5
Nxb5+ 28. Kc4 Rd6 29. Rhd1 Rhd8 30. Ne3 Nd4 31. Rac1 Rc8+ 32. Kb4 Rb6+ 33. Ka5
Rb5+ 0-1